برنامج إرشادي قائم على الدعم النفسي لخفض ضغوط الوالدية لدى أمهات الأطفال ذوي الإعاقة السمعية البصرية / (رقم التسجيلة. 177267)
[ عرض عادي ]
| 000 -LEADER | |
|---|---|
| fixed length control field | 05175namaa22004451i 4500 |
| 003 - CONTROL NUMBER IDENTIFIER | |
| control field | OSt |
| 005 - أخر تعامل مع التسجيلة | |
| control field | 20260118104332.0 |
| 008 - FIXED-LENGTH DATA ELEMENTS--GENERAL INFORMATION | |
| fixed length control field | 250827s2024 ua a|||frm||| 000 0 eng d |
| 040 ## - CATALOGING SOURCE | |
| Original cataloguing agency | EG-GICUC |
| Language of cataloging | ara |
| Transcribing agency | EG-GICUC |
| Modifying agency | EG-GICUC |
| Description conventions | rda |
| 041 0# - LANGUAGE CODE | |
| Language code of text/sound track or separate title | ara |
| Language code of summary or abstract | ara |
| -- | eng |
| 049 ## - Acquisition Source | |
| Acquisition Source | إيداع |
| 082 04 - DEWEY DECIMAL CLASSIFICATION NUMBER | |
| Classification number | 305.90806 |
| 092 ## - LOCALLY ASSIGNED DEWEY CALL NUMBER (OCLC) | |
| Classification number | 305.90806 |
| Edition number | 21 |
| 097 ## - Degree | |
| Degree | مــــاجستير |
| 099 ## - LOCAL FREE-TEXT CALL NUMBER (OCLC) | |
| Local Call Number | Cai01.26.03.M.Sc.2024.شي.ب |
| 100 0# - MAIN ENTRY--PERSONAL NAME | |
| Authority record control number or standard number | ،شيماء جمال بهي الدين مصطفى |
| Preparation | إعداد. |
| 245 10 - TITLE STATEMENT | |
| Title | برنامج إرشادي قائم على الدعم النفسي لخفض ضغوط الوالدية لدى أمهات الأطفال ذوي الإعاقة السمعية البصرية / |
| Statement of responsibility, etc. | إعداد شيماء جمال بهي الدين مصطفى؛ إشراف أ.د. هند إسماعيل إمبابي، د.نهى ضياء الدين عبدالحميد. |
| 246 15 - VARYING FORM OF TITLE | |
| Title proper/short title | A program based on psychological support to reduce parental stress disorder among mothers of children with hearing- visual impairment / |
| 264 #0 - PRODUCTION, PUBLICATION, DISTRIBUTION, MANUFACTURE, AND COPYRIGHT NOTICE | |
| Date of production, publication, distribution, manufacture, or copyright notice | 2024. |
| 300 ## - PHYSICAL DESCRIPTION | |
| Extent | 118 صفحة : |
| Other physical details | إيضاحيات ؛ |
| Dimensions | 25 cm. + |
| Accompanying material | CD. |
| 336 ## - CONTENT TYPE | |
| Content type term | text |
| Source | rda content |
| 337 ## - MEDIA TYPE | |
| Media type term | Unmediated |
| Source | rdamedia |
| 338 ## - CARRIER TYPE | |
| Carrier type term | volume |
| Source | rdacarrier |
| 502 ## - DISSERTATION NOTE | |
| Dissertation note | أطروحة (ماجستير)-جامعة القاهرة، 2024. |
| 504 ## - BIBLIOGRAPHY, ETC. NOTE | |
| Bibliography, etc. note | ببليوجرافيا: صفحات 108-114. |
| 520 ## - SUMMARY, ETC. | |
| Summary, etc. | استهدف البحث الحالي خفض اضطراب ضغوط الوالدية لدي أمهات الأطفال ذوي الاعاقة السمعية البصرية، واتبع البحث المنهج شبه التجريبي القائم على القياسين القبلي والبعدي؛ وطبق البحث على عينة عددها (8) من أمهات الأطفال ذوي الاعاقة السمعية البصرية أكاديمية الابن الصاعد لتأهيل الطفل تراوحت أعمارهم بين (30-40) سنة؛ واستخدمت الأدوات التالية: مقياس المستوي الاقتصادي الاجتماعي إعداد: محمد سعفان، دعاء خطاب )2016( ومقياس ضغوط الوالدية اعداد:هند إمبابي وسامح سعادة(2019)؛ وبرنامج قائم علي الدعم النفسي [اعداد الباحثة]؛ ، وأظهرت نتائج البحث فاعلية البرنامج القائم علي الدعم النفسي في خفض حدة ضغوط الوالدية لدي أمهات الأطفال ذوي الاعاقة السمعية البصرية كما أوضحت النتائج استمرار فاعلية البرنامج في القياس التتبعي. ويوصي البحث الحالي بضرورة إجراء المزيد من الدراسات النوعية والتجريبية على أمهات الأطفال ذوي الاعاقة السمعية البصرية وذلك لخفض مشاعر ضغوط الوالدية لدى أمهات الأطفال ذوي الاعاقة السمعية البصرية. |
| 520 ## - SUMMARY, ETC. | |
| Summary, etc. | The current research aimed to reduce parental stress among mothers of children with visual and hearing impairments. The study followed a quasi-experimental approach based on pre- and post-measurements and was applied to a sample of eight mothers of children with visual and hearing impairments from the Rising Son Academy for Child Rehabilitation. Their ages ranged between 30 and 40 years. The following tools were used: the Socioeconomic Status Scale prepared by Mohamed Saafan and Doaa Khattab (2016), and the Parental Stress Scale prepared by Hend Imbaby and Sameh Saada (2019). A psychological support-based program [prepared by the researcher] was also implemented. The research results showed the effectiveness of the psychological support-based program in reducing the level of parental stress among mothers of children with visual and hearing impairments. The results also demonstrated the continued effectiveness of the program in the follow-up measurement. The current research recommends conducting more qualitative and experimental studies on mothers of children with visual and hearing impairments to reduce feelings of parental stress among them. |
| 530 ## - ADDITIONAL PHYSICAL FORM AVAILABLE NOTE | |
| Issues CD | صدر أيضًا كقرص مدمج. |
| 546 ## - LANGUAGE NOTE | |
| Text Language | النص بالعربية والملخص باللغة الإنجليزية والعربية. |
| 650 #7 - SUBJECT ADDED ENTRY--TOPICAL TERM | |
| Topical term or geographic name entry element | الاطفال المعاقون |
| Source of heading or term | qrmak |
| 650 #7 - SUBJECT ADDED ENTRY--TOPICAL TERM | |
| Topical term or geographic name entry element | الاطفال الصم |
| 650 #7 - SUBJECT ADDED ENTRY--TOPICAL TERM | |
| Topical term or geographic name entry element | الاطفال المكفوفون |
| Source of heading or term | qrmak |
| 653 #0 - INDEX TERM--UNCONTROLLED | |
| Uncontrolled term | ضغوط الوالدية |
| -- | الدعم النفسي |
| -- | ذوي الاعاقة السمعية البصرية |
| 700 0# - ADDED ENTRY--PERSONAL NAME | |
| Personal name | هند إسماعيل إمبابي |
| Relator term | مشرف أطروحة. |
| 700 0# - ADDED ENTRY--PERSONAL NAME | |
| Personal name | نهى ضياء الدين عبدالحميد |
| Relator term | مشرف أطروحة. |
| 900 ## - Thesis Information | |
| Grant date | 28-11-2024 |
| Supervisory body | هند إسماعيل إمبابي |
| -- | نهى ضياء الدين عبدالحميد |
| Discussion body | سامح أحمد سيد أحمد سعادة |
| -- | إيمان أحمد خليل |
| Universities | جامعة القاهرة |
| Faculties | كلية التربية للطفولة المبكرة |
| Department | قسم العلوم النفسية |
| 905 ## - Cataloger and Reviser Names | |
| Cataloger Name | Sara Salah |
| Reviser Names | Afaf |
| 942 ## - ADDED ENTRY ELEMENTS (KOHA) | |
| Source of classification or shelving scheme | Dewey Decimal Classification |
| Koha item type | Thesis |
| Edition | 21 |
| Suppress in OPAC | No |
| Source of classification or shelving scheme | Home library | Current library | Date acquired | Inventory number | Full call number | Barcode | Date last seen | Effective from | Koha item type |
|---|---|---|---|---|---|---|---|---|---|
| Dewey Decimal Classification | المكتبة المركزبة الجديدة - جامعة القاهرة | قاعة الرسائل الجامعية - الدور الاول | 01.01.2026 | 32830 | Cai01.26.03.M.Sc.2024.شي.ب | 01010100032830000 | 01.01.2026 | 01.01.2026 | Thesis |